00491nam a2200193 a 4500001001300000003000900013005001700022008004100039020000900080082001600089100002300105245001800128260004200146300000800188500003500196505003400231650000900265700002300274nice12345678IN_TiNIC20260116012447.0050524s1988 dela grp 000 0 eng  ac4500a297.35bKHA aKhan, Imtiaz Ahmad aWhat Is Waqf. aDelhibIdara-I-Adabiyat-I-Dillic1988 a92p aincludes index and biblioraphy2 aGlossary, Bibliography, Index aWaqf1 aKhan, Imtiaz Ahmad